000 01462nam0a2200325 4500
001 RU\NLR\bibl\1465148
005 20250616000205.0
021 _aRU
_b2009-97573
_96199
035 _a(NLR Aleph) 001456885
090 _a1558396
_c1558396
100 _a20100127d2009 |||y0rusy50 ca
101 0 _arus
102 _aRU
105 _ay |||||||||
200 1 _aПедагогическое сопровождение неконфликтного развития юношеских субкультур
_fО.С. Яворская
_gФедер. агентство по образованию, Гос. образоват. учреждение высш. проф. образования "Пятиг. гос. лингв. ун-т"
210 _aПятигорск
_cПятигорский государственный лингвистический университет
_d2009
215 _a165 с.
_d21
320 _aБиблиогр.: с. 147-161 (177 назв.)
606 1 _aМолодежь
_xВоспитание культуры общения
_92603851
_3RU\NLR\auth\661540409
606 1 _aМолодежная культура
_91490391
_3RU\NLR\auth\66640589
686 _aЧ313.522.5
686 _aС550.325.1
700 1 _aЯворская
_bО. С.
_gОльга Сергеевна
_4070
801 0 _aRU
_bNLR
_c20100127
_gRCR
801 1 _aRU
_bNLR
_c20100127
830 _aпо кн
942 _cBOOK
980 _aNB
980 _aNBR